000 00699nam a2200289Ia 4500
005 20260324120716.0
008 008 260324s9999 xx 000 0 eng d
020 _a9780203729953
037 _aEBOOK
040 _aCRL
040 _beng
040 _cCRL
041 _2eng
041 _aeng
084 _qCRL
100 _aOtambek Mastibekov
_91159651
245 0 _aLeadership and Authority in Central Asia
245 4 _bThe Ismaili Community in Tajikistan
260 _bTaylor and Francis
260 _c2014
365 _a
365 _b255
856 _uhttp://www.taylorfrancis.com/books/9780203729953
942 _cEBOOK
999 _c1751324
_d1751324